Roland-Garros 2022: les 32 têtes de séries, Simples Messieurs - Statistiques

Statistiques générales
  • Ce quiz a été pris 349 fois
  • Le résultat moyen est 18 sur 32
Statistiques - réponses
Réponse % Correct
Novak Djokovic
100%
Rafael Nadal
98%
Stéfanos Tsitsipás
96%
Alexander Zverev
95%
Carlos Alcaraz
95%
Daniil Medvedev
95%
Casper Ruud
89%
Andrey Rublev
83%
Félix Auger-Aliassime
82%
Jannik Sinner
75%
Grigor Dimitrov
65%
Cameron Norrie
64%
Denis Shapovalov
61%
Marin Čilić
61%
Hubert Hurkacz
60%
Diego Schwartzman
58%
Taylor Fritz
58%
Frances Tiafoe
56%
John Isner
53%
Pablo Carreño Busta
50%
Alex de Minaur
48%
Karen Khachanov
46%
Nikoloz Basilashvili
34%
Lorenzo Sonego
30%
Tommy Paul
29%
Alejandro Davidovich Fokina
27%
Dan Evans
27%
Botic van de Zandschulp
24%
Miomir Kecmanović
24%
Sebastian Korda
24%
Reilly Opelka
23%
Jenson Brooksby
9%
Aucun quiz correspondant
Distribution des résultats
% des personnes avec chaque résultat
Percentile par nombre de réponses
Votre historique - résultats
Vous n’avez pas pris ce quiz